00482nam a2200205Ia 450000500170000000800460001702000180006303700100008104000080009104000080009904000080010704100080011504100080012308400080013124500270013926000220016626000090018865000300019785600490022720260306150112.0008 260114s9999 xx 000 0 eng d a9783110274844 aEbook aCRL beng cCRL 2eng aeng qCRL 0aIncipient Productivity bDe Gruyter Mouton c2012 aLinguistics and Semiotics uhttps://www.degruyter.com/isbn/9783110274844